000 00849nas a2200253 4500
001 BR8001784
003 BR-BrBNA
005 20231205084246.0
007 ta
008 230509b bl.|||p| |||| 00| 00por d
040 _aBR-BrBNA
_bpor
_cBiblioteca Nacional de Agricultura
041 _a(Pt)
072 _aF27; F25
100 1 _aCarvalho, L.J.C.B.
245 1 _aAspectos do estabelecimento de pastagens consorciadas [Fertilizante fosfatado]
650 _aCultivo do solo
650 _aFertilidade do solo
650 _aLeguminosa forrageira
650 _aFertilizante fosfatado
650 _aPastagem consorciada
773 0 _tInforme Agropecuario - Empresa de Pesquisa Agropecuaria de Minas Gerais (Brazil)
_xISSN 0100-3364
_g(Oct 1980), v. 6(70) p. 31-33
_wBR8001784
909 _a202311
_bLúcia
_c55
_dLúcia Elande
942 _2AGRIS
_n0
_cANA
999 _c104097
_d104097